[Event "Ulm/Neu Ulm-ch"]
[Site "Ulm/Neu Ulm"]
[Date "2007.12.30"]
[Round "6"]
[White "Huppertz, Anton"]
[Black "Von Schwerin, Reinhold"]
[Result "1-0"]
[WhiteElo "1316"]
[BlackElo "1331"]
[PlyCount "53"]
[EventDate "2007.09.21"]
[EventType "swiss"]
[EventRounds "7"]
[EventCountry "GER"]
[SourceTitle "EXT 2011"]
[Source "ChessBase"]
[SourceDate "2010.11.26"]
[SourceVersion "1"]
[SourceVersionDate "2010.11.26"]
[SourceQuality "1"]

1. e4 d6 2. d4 Nf6 3. Nc3 g6 4. Nf3 Bg7 5. h3 Nbd7 6. Be3 c6 7. Qd2 b5 8. a3 Bb7 9. Bh6 Rg8 10. Bxg7 Rxg7 11. Qh6 Kf8 12. Bd3 e5 13. dxe5 Nxe5 14. Nxe5 dxe5 15. Rd1 Qe7 16. 0-0 Ng8 17. Qe3 g5 18. Be2 a6 19. Bg4 Bc8 20. Bxc8 Rxc8 21. Qb6 Qc7 22. Qxc7 Rxc7 23. Rd8+ Ke7 24. Rfd1 a5 25. Ne2 Nf6 26. Ng3 Rg8 27. Nf5+ 1-0

[Event "Ulm/Neu Ulm-ch"]
[Site "Ulm/Neu Ulm"]
[Date "2007.11.02"]
[Round "4"]
[White "Klein, Franz"]
[Black "Von Schwerin, Reinhold"]
[Result "1/2-1/2"]
[WhiteElo "1574"]
[BlackElo "1331"]
[PlyCount "34"]
[EventDate "2007.09.21"]
[EventType "swiss"]
[EventRounds "7"]
[EventCountry "GER"]
[SourceTitle "EXT 2011"]
[Source "ChessBase"]
[SourceDate "2010.11.26"]
[SourceVersion "1"]
[SourceVersionDate "2010.11.26"]
[SourceQuality "1"]

1. e4 e5 2. f4 exf4 3. Nf3 d5 4. e5 Nc6 5. d4 g5 6. Bb5 Bd7 7. c3 g4 8. Bxf4 gxf3 9. Qxf3 Nxe5 10. Bxe5 Bxb5 11. Bxh8 Qe7+ 12. Kd1 0-0-0 13. Re1 Qg5 14. Be5 Bh6 15. Kc2 Qg6+ 16. Kd1 Qg5 17. Kc2 Qg6+ 1/2-1/2